| 000 | 00413nam a2200157 4500 | ||
|---|---|---|---|
| 005 | 20260321092819.0 | ||
| 008 | CU66 | ||
| 020 | _a0875841716 | ||
| 050 | _aHG 4910 AUE | ||
| 100 | _aAUERBACH JOSEPH | ||
| 245 |
_aINVESTMENT BANKING AND DILIGENCE _bWHAT PRICE DEREGULATION |
||
| 260 |
_aBOSTON _bHARVARD BUSINESS SCH PRESS _c1986 |
||
| 300 | _aX,274p.TABLES,ILLUS. | ||
| 500 | _aGLOSSARY,INDEX | ||
| 942 |
_2lcc _cBK _n0 |
||
| 999 |
_c9133 _d9133 |
||